<?xml version="1.0" encoding="UTF-8"?>
<record
    xmlns:xsi="http://www.w3.org/2001/XMLSchema-instance"
    xsi:schemaLocation="http://www.loc.gov/MARC21/slim http://www.loc.gov/standards/marcxml/schema/MARC21slim.xsd"
    xmlns="http://www.loc.gov/MARC21/slim">

  <leader>01903    a2200241   4500</leader>
  <controlfield tag="001">47106</controlfield>
  <controlfield tag="005">20260407155739.0</controlfield>
  <controlfield tag="008">260407a1992    arg                 spa d</controlfield>
  <controlfield tag="003">AR-UNSa-BCEJYS</controlfield>
  <datafield tag="040" ind1=" " ind2=" ">
    <subfield code="a">AR-UNSa-BCEJYS</subfield>
    <subfield code="b">spa</subfield>
    <subfield code="c">AR-UNSa-BCEJYS</subfield>
  </datafield>
  <datafield tag="080" ind1=" " ind2=" ">
    <subfield code="a">330.101.541</subfield>
    <subfield code="x">Macroeconom&#xED;a</subfield>
  </datafield>
  <datafield tag="245" ind1="1" ind2="0">
    <subfield code="a">Macroeconom&#xED;a del populismo en la Am&#xE9;rica Latina</subfield>
  </datafield>
  <datafield tag="020" ind1=" " ind2=" ">
    <subfield code="a">968-16-3917-0</subfield>
  </datafield>
  <datafield tag="264" ind1=" " ind2="1">
    <subfield code="a">M&#xE9;xico :</subfield>
    <subfield code="b">Fondo de Cultura Econ&#xF3;mica</subfield>
    <subfield code="c">1992</subfield>
  </datafield>
  <datafield tag="300" ind1=" " ind2=" ">
    <subfield code="a">458 p.</subfield>
    <subfield code="c">22 cm.</subfield>
  </datafield>
  <datafield tag="505" ind1=" " ind2=" ">
    <subfield code="a">Primera Parte : MARCO T&#xC9;ORICO : 1. La macroeconom&#xED;a del populismo / Rudiger Dornbusch y Sebasti&#xE1;n Edwards - 2. La econom&#xED;a pol&#xED;tica del populismo latinoamericano / Robert R. Kaufman y B&#xE1;rbara Stallings - 3. El populismo, el despilfarro y la redistribuci&#xF3;n / Eliana Cardoso y Ann Helwege  -- Segunda Parte : EXPERIENCIA DE ALGUNOS PA&#xCD;SES : 4. Descripci&#xF3;n de una experiencia populista : Argentina, 1973-1976 / Federico A. Sturzenegger - 5. &#xBF;Qu&#xE9; han aprendido los populistas de la hiperinflaci&#xF3;n? / Roque B. Fern&#xE1;ndez - 6. Sesenta a&#xF1;os de populismo en el Brasil / Paulo Rabello de Castro y Marcio Ronci - 7. La experiencia socialista-populista chilena: 1970-1973 / Felipe Larra&#xED;n y Patricio Meller - 8. El populismo y la pol&#xED;tica econ&#xF3;mica de M&#xE9;xico, 1970-1982 / Carlos Bazdresch y Santiago Levy - 9. La ilusi&#xF3;n de una distribuci&#xF3;n por medio de la pol&#xED;tica macroecon&#xF3;mica : La experiencia heterodoxa del Per&#xFA; (1985-1990) / Ricardo Lago - 10. Colapso y estabilizaci&#xF3;n (incompleta) de la econom&#xED;a nicarag&#xFC;ense / Jos&#xE9; Antonio Ocampo - 11. Acerca de la ausencia de populismo econ&#xF3;mico en Colombia / Miguel Urrutia. </subfield>
  </datafield>
  <datafield tag="942" ind1=" " ind2=" ">
    <subfield code="c">BK</subfield>
  </datafield>
  <datafield tag="590" ind1=" " ind2=" ">
    <subfield code="a">niveau_biblio:m niveau_hierar:0</subfield>
  </datafield>
  <datafield tag="100" ind1="1" ind2=" ">
    <subfield code="a">Su&#xE1;rez, Eduardo L.</subfield>
  </datafield>
  <datafield tag="700" ind1="1" ind2=" ">
    <subfield code="a">Edwards, Sebasti&#xE1;n</subfield>
  </datafield>
  <datafield tag="700" ind1="1" ind2=" ">
    <subfield code="a">Dornbusch, Rudiger</subfield>
  </datafield>
  <datafield tag="856" ind1="4" ind2="1">
    <subfield code="u">https://www.biblioeco.unsa.edu.ar/pmb/images/libros/L127391.jpg</subfield>
    <subfield code="y">Imagen de portada</subfield>
    <subfield code="q">image/jpeg</subfield>
  </datafield>
  <datafield tag="999" ind1=" " ind2=" ">
    <subfield code="c">4288</subfield>
    <subfield code="d">4288</subfield>
  </datafield>
  <datafield tag="952" ind1=" " ind2=" ">
    <subfield code="0">0</subfield>
    <subfield code="1">0</subfield>
    <subfield code="4">0</subfield>
    <subfield code="7">0</subfield>
    <subfield code="a">BCEJYS</subfield>
    <subfield code="b">BCEJYS</subfield>
    <subfield code="c">16</subfield>
    <subfield code="d">2026-04-07</subfield>
    <subfield code="l">0</subfield>
    <subfield code="o">330.101.541 D713m</subfield>
    <subfield code="p">L127391</subfield>
    <subfield code="r">2026-04-07 15:57:39</subfield>
    <subfield code="w">2026-04-07</subfield>
    <subfield code="y">L</subfield>
  </datafield>
</record>
